Paroles - Oui ou Non - Angèle - Statistiques

Statistiques générales
  • Ce quiz a été pris 352 fois
  • Le résultat moyen est 139 sur 207
Statistiques - réponses
Paroles % Correct
ou
99%
ce
97%
ces
97%
non
97%
oui
97%
bien
96%
tu
96%
Tu
96%
C'est
95%
c'est
95%
me
92%
de
91%
De
91%
Ma
91%
à
89%
je
88%
Je
88%
J'voulais
86%
te
86%
voulais
86%
Hier
83%
Pas
83%
pas
83%
La
82%
le
82%
et
81%
Et
81%
en
76%
que
76%
qu'à
74%
est
72%
Demain
71%
encore
71%
mais
71%
moi
71%
moi-
71%
une
71%
ça
70%
au
69%
Au
69%
des
69%
j'ai
69%
plus
69%
qui
69%
journée
68%
Quand
68%
quand
68%
veux
68%
dis
67%
j'souris
67%
marcher
67%
souris
66%
comment
65%
Regarde
65%
savoir
64%
tes
64%
n'a
63%
passée
63%
vitesses
63%
fort
62%
m'f'ras
62%
trop
62%
ris
61%
t'en
61%
vouloir
61%
on
60%
Ah
59%
déteste
59%
m'aimer
59%
pourquoi
59%
Pourquoi
59%
donne
58%
quoi
58%
être
57%
j'te
57%
n'arrive
57%
peut-
57%
J'vais
56%
dehors
55%
tort
55%
t'oublier
55%
Batterie
54%
dire
54%
lavée
54%
mis
54%
puis
54%
temps
54%
celle
53%
Celle
53%
nez
53%
devoir
52%
J'sais
52%
recharger
52%
toi
52%
faible
51%
même
51%
nuit
51%
était
50%
faux
50%
J'étais
50%
rêves
49%
faire
48%
m'embrasses
48%
m'laisses
48%
liés
47%
marier
46%
stories
46%
express
45%
rester
45%
seule
45%
soirée
45%
Faut
44%
bref
43%
dédiées
43%
mens
43%
pris
43%
qu'une
43%
suis
43%
T'as
43%
t'étaient
43%
autres
42%
duré
42%
fut
42%
Genre
42%
ils
42%
j'me
42%
romantisme
42%
ceux
41%
belle
40%
jusqu'à
40%
nuits
40%
l'aube
39%
mensonges
39%
d'venir
38%
comptent
37%
"J'aime"
37%
finalement
36%
c'que
35%
croyant
34%
m'racontes
34%
comblait
31%
eux
31%
m'aiment
31%
m'écris
28%
Aucun quiz correspondant
Distribution des résultats
% des personnes avec chaque résultat
Percentile par nombre de réponses
Votre historique - résultats
Vous n’avez pas pris ce quiz